Vista normal
Vista MARC
Entrada Corporate Name
Número de registros utilizados en: 1
001 - CONTROL NUMBER
- control field: 17282
003 - CONTROL NUMBER IDENTIFIER
- control field: DLC
005 - DATE AND TIME OF LATEST TRANSACTION
- control field: 20250703153714.0
008 - FIXED-LENGTH DATA ELEMENTS
- fixed length control field: 940928n| acannaab |a ana
010 ## - LIBRARY OF CONGRESS CONTROL NUMBER
- LC control number: n 94093144
- Canceled/invalid LC control number: n 94055529
- Canceled/invalid LC control number: n 2002094922
040 ## - CATALOGING SOURCE
- Original cataloging agency: DLC
- Transcribing agency: Mx-PuUPA
- Modifying agency: DLC
- Modifying agency: Mx-PuUPA
- Language of cataloging: spa
- Description conventions: rda
110 20 - HEADING--CORPORATE NAME
- Corporate name or jurisdiction name as entry element: Catholic Church.
- Subordinate unit: Conferencia del Episcopado Mexicano
374 ## - OCCUPATION
- Occupation: Autor
377 ## - ASSOCIATED LANGUAGE
- Language code: spa
410 20 - SEE FROM TRACING--CORPORATE NAME
- Corporate name or jurisdiction name as entry element: Catholic Church.
- Subordinate unit: Conferencia Episcopado Mexicano
410 20 - SEE FROM TRACING--CORPORATE NAME
- Corporate name or jurisdiction name as entry element: CEM
670 ## - SOURCE DATA FOUND
- Source citation: Plan orgánico de trabajo pastoral, 1992-1994, 1992:
- Information found: t.p. (Conferencia del Episcopado Mexicano)
670 ## - SOURCE DATA FOUND
- Source citation: Encuentro Nacional Indígena, 1993:
- Information found: t.p. (CEM) verso t.p. (Conferencia Episcopado Mexicano)